[Event "Chigorin Memorial"]
[Site "St Petersburg"]
[Date "2016.10.22"]
[Round "8.47"]
[White "Yanchenko, Roman"]
[Black "Tsoi, Dmitry"]
[Result "1-0"]
[WhiteElo "2419"]
[BlackElo "2160"]
[PlyCount "183"]
[EventDate "2016.10.15"]
[EventType "swiss"]
[EventRounds "9"]
[EventCountry "RUS"]

1. d4 Nf6 2. Nf3 d5 3. c4 e6 4. g3 Bb4+ 5. Bd2 Be7 6. Bg2 O-O 7. Qc2 c6 8. O-O
Nbd7 9. Bf4 b6 10. Nbd2 Bb7 11. Rfd1 Nh5 12. Be3 Nhf6 13. Bg5 h6 14. Bxf6 Nxf6
15. e4 dxe4 16. Nxe4 Qc7 17. Nxf6+ Bxf6 18. c5 Rfd8 19. Rac1 Rd7 20. b4 Rc8 21.
a4 Qb8 22. h4 Rcd8 23. b5 bxc5 24. dxc5 Rxd1+ 25. Rxd1 Rxd1+ 26. Qxd1 cxb5 27.
axb5 Bxf3 28. Qxf3 Bd4 29. c6 Bb6 30. Qc3 Qd6 31. Kh2 f5 32. Bf1 f4 33. Bc4 Kf7
34. Qf3 Bc7 35. Kh3 Ke7 36. Qc3 Qe5 37. Qa3+ Ke8 38. Bd3 Qd6 39. Bg6+ Ke7 40.
Qa1 Qe5 41. Qa3+ Qd6 42. Qxa7 fxg3 43. Qa8 Bb8 44. Qa1 Qe5 45. Qa3+ Bd6 46. Qf3
Qf4 47. Qxf4 Bxf4 48. b6 gxf2 49. Bd3 g5 50. h5 Kd8 51. Kg2 Be5 52. Bc4 Ke7 53.
Kf3 Kd8 54. Kg2 Ke7 55. Bb5 Kd8 56. Kf3 Bd6 57. Kg2 g4 58. Be2 g3 59. Bg4 Ke7
60. Kf1 Be5 61. Bh3 Bd6 62. Ke2 Be5 63. Kd3 Bd6 64. Kc4 Kd8 65. Kb5 g2 66. Bxg2
Kc8 67. Bh3 Kb8 68. Kc4 Be5 69. Bf1 Kc8 70. Kc5 Bf4 71. Kd4 Kb8 72. Bb5 Bd6 73.
Ba6 Bg3 74. Bf1 Bh2 75. Kc5 Bf4 76. Kc4 Be5 77. Kb5 Bf4 78. Be2 Bd6 79. Kc4 Bg3
80. Bf1 Be5 81. Kc5 Kc8 82. Bg2 Bg3 83. Bh3 Kb8 84. Bf1 Be5 85. Kc4 Bd6 86. Kd4
Kc8 87. Ba6+ Kb8 88. Bb5 Bh2 89. c7+ Bxc7 90. bxc7+ Kxc7 91. Ke5 Kd8 92. Kxe6
1-0

[Event "Chigorin Memorial"]
[Site "St Petersburg"]
[Date "2016.10.22"]
[Round "8.48"]
[White "Leontiev, Aleksandr V"]
[Black "Nguyen, Piotr"]
[Result "0-1"]
[WhiteElo "2285"]
[BlackElo "2418"]
[PlyCount "76"]
[EventDate "2016.10.15"]
[EventType "swiss"]
[EventRounds "9"]
[EventCountry "RUS"]

1. c4 c5 2. Nf3 g6 3. d4 cxd4 4. Nxd4 Nc6 5. e4 Bg7 6. Be3 Qb6 7. Nb3 Qc7 8.
Nc3 Bxc3+ 9. bxc3 Nf6 10. f3 d6 11. Be2 b6 12. a4 O-O 13. O-O Be6 14. g4 Ne5
15. g5 Nfd7 16. f4 Nxc4 17. Bd4 f6 18. Bg4 Bf7 19. Bxd7 Qxd7 20. gxf6 exf6 21.
Qf3 d5 22. e5 fxe5 23. fxe5 Be6 24. Qg3 Rxf1+ 25. Rxf1 Qxa4 26. Rf6 Qxb3 27.
Rxe6 Qb1+ 28. Kg2 Qe4+ 29. Kg1 Nd2 30. Rf6 Rf8 31. Rxf8+ Kxf8 32. Kf2 Qc2 33.
Qh4 Qf5+ 34. Ke2 Qe4+ 35. Qxe4 Nxe4 36. h4 Kf7 37. Ke3 Ng3 38. Kf4 Ne2+ 0-1

[Event "Chigorin Memorial"]
[Site "St Petersburg"]
[Date "2016.10.22"]
[Round "8.49"]
[White "Sadovsky, Artem"]
[Black "Ibadov, Dashgyn"]
[Result "1-0"]
[WhiteElo "2414"]
[BlackElo "2294"]
[PlyCount "77"]
[EventDate "2016.10.15"]
[EventType "swiss"]
[EventRounds "9"]
[EventCountry "RUS"]

1. Nf3 d5 2. g3 Nf6 3. Bg2 Bg4 4. c4 c6 5. O-O e6 6. b3 Nbd7 7. Bb2 Be7 8. d3
O-O 9. Nbd2 Qc7 10. Qc2 Rac8 11. e4 dxe4 12. dxe4 e5 13. h3 Bxf3 14. Nxf3 Rfe8
15. Rad1 a5 16. h4 Rcd8 17. Bh3 Bf8 18. Rfe1 b6 19. Re2 Ra8 20. Bc3 Nc5 21. Bf5
g6 22. Bh3 Bg7 23. a3 h6 24. b4 axb4 25. axb4 Na4 26. Ba1 Re7 27. Red2 Kh7 28.
Rd3 b5 29. c5 Qb8 30. Rd6 Qe8 31. h5 Nxh5 32. Bd7 Rxd7 33. Rxd7 Qe6 34. R1d6
Qg4 35. Rxf7 Nxc5 36. Bxe5 Nxe4 37. Rdd7 Rg8 38. Bxg7 Nxg7 39. Qb2 1-0

[Event "Chigorin Memorial"]
[Site "St Petersburg"]
[Date "2016.10.22"]
[Round "8.50"]
[White "Duzhakov, Ilya"]
[Black "Feduk, Viktor"]
[Result "1-0"]
[WhiteElo "2411"]
[BlackElo "2150"]
[PlyCount "81"]
[EventDate "2016.10.15"]
[EventType "swiss"]
[EventRounds "9"]
[EventCountry "RUS"]

1. c4 Nf6 2. Nc3 e6 3. d4 Bb4 4. Nf3 d5 5. Qb3 Nc6 6. Bg5 O-O 7. e3 a5 8. Bd3
h6 9. Bxf6 Qxf6 10. O-O dxc4 11. Qxc4 Bd6 12. Rac1 Nb4 13. Be4 c6 14. Bb1 b6
15. Rfe1 Ba6 16. Qb3 Qe7 17. Na4 b5 18. Nc5 Nd5 19. a3 Rfe8 20. Qc2 g6 21. e4
Nf4 22. Nxa6 Rxa6 23. e5 Bb8 24. Qd2 Nd5 25. Qxh6 Qf8 26. Qh3 Qg7 27. Re4 Bc7
28. Rg4 Bd8 29. Nd2 Kf8 30. Qf3 Ke7 31. Ne4 Rh8 32. h3 Rh5 33. a4 b4 34. Ba2
Qh6 35. Rc2 Rf5 36. Qd3 Rb6 37. Bxd5 exd5 38. Nd6 Rh5 39. Qf3 f5 40. exf6+ Kxd6
41. Qg3+ 1-0

[Event "Chigorin Memorial"]
[Site "St Petersburg"]
[Date "2016.10.22"]
[Round "8.51"]
[White "Cherednichenko, Dmitrij"]
[Black "Kazakovskiy, Valeriy"]
[Result "0-1"]
[WhiteElo "2231"]
[BlackElo "2399"]
[PlyCount "66"]
[EventDate "2016.10.15"]
[EventType "swiss"]
[EventRounds "9"]
[EventCountry "RUS"]

1. d4 Nf6 2. c4 e6 3. Nc3 Bb4 4. e3 c5 5. Nge2 cxd4 6. exd4 d5 7. a3 Be7 8. Nf4
dxc4 9. Bxc4 a6 10. d5 Qc7 11. Ba2 e5 12. Nh5 Nxh5 13. Qxh5 O-O 14. O-O Nd7 15.
f4 Nf6 16. Qxe5 Bd6 17. Qe2 Re8 18. Qc2 Ne4 19. Qxe4 Rxe4 20. Nxe4 Qb6+ 21. Kh1
Bf8 22. f5 Qd4 23. Ng3 Bd7 24. Rb1 Bb5 25. Rg1 Bc5 26. Bg5 Qg4 27. Rgc1 Bd6 28.
Bd2 Bd3 29. Ra1 Bxg3 30. hxg3 Qh5+ 31. Kg1 Qe2 32. Re1 Qxd2 33. Rad1 Qc2 0-1

[Event "Chigorin Memorial"]
[Site "St Petersburg"]
[Date "2016.10.22"]
[Round "8.52"]
[White "Anchutin, Nikita"]
[Black "Ponfilenok, Vladimir"]
[Result "1/2-1/2"]
[WhiteElo "2198"]
[BlackElo "2390"]
[PlyCount "81"]
[EventDate "2016.10.15"]
[EventType "swiss"]
[EventRounds "9"]
[EventCountry "RUS"]

1. d4 e6 2. Nf3 f5 3. g3 Nf6 4. Bg2 d5 5. c4 Bd6 6. O-O c6 7. Nc3 O-O 8. Qc2
Ne4 9. Rb1 Nd7 10. b4 b6 11. cxd5 cxd5 12. Nb5 Ba6 13. Nxd6 Nxd6 14. Bf4 Rc8
15. Qb2 Nf6 16. Bxd6 Qxd6 17. b5 Bb7 18. Rfc1 Nd7 19. Rxc8 Rxc8 20. Rc1 Rxc1+
21. Qxc1 a6 22. a4 h6 23. h4 a5 24. Qf4 Qxf4 25. gxf4 Kf8 26. e3 Ke7 27. Ne5
Nf6 28. f3 Bc8 29. Bf1 Bd7 30. Kf2 Be8 31. Bd3 Ng8 32. Kg3 Kf6 33. Be2 Ne7 34.
Bd3 Nc8 35. Be2 Nd6 36. Bd3 Ke7 37. Be2 Bf7 38. Nc6+ Kf6 39. Ne5 Be8 40. Bd3
Ke7 41. Be2 1/2-1/2

[Event "Chigorin Memorial"]
[Site "St Petersburg"]
[Date "2016.10.22"]
[Round "8.53"]
[White "Tologontegin, Semetey"]
[Black "Utiatskaja, Irina"]
[Result "1-0"]
[WhiteElo "2371"]
[BlackElo "2123"]
[PlyCount "73"]
[EventDate "2016.10.15"]
[EventType "swiss"]
[EventRounds "9"]
[EventCountry "RUS"]

1. Nf3 d5 2. g3 Bg4 3. Bg2 Nd7 4. h3 Bh5 5. c4 e6 6. cxd5 exd5 7. O-O Ngf6 8.
Nc3 Be7 9. d3 Bxf3 10. Bxf3 c6 11. Bg2 O-O 12. e4 dxe4 13. dxe4 Ne5 14. Qc2 Qd3
15. Qb3 Bc5 16. Bf4 Nfd7 17. Rad1 Qa6 18. Kh1 b5 19. Bc1 Nb6 20. f4 Nec4 21. e5
Rac8 22. Ne4 Be7 23. a3 Nd5 24. Qf3 Kh8 25. Rd3 Qb6 26. b3 Nxa3 27. f5 f6 28.
exf6 gxf6 29. g4 Nc2 30. g5 Ncb4 31. Rdd1 fxg5 32. Bb2+ Bf6 33. Nxf6 Nxf6 34.
Rd6 Nbd5 35. Qg3 Qc7 36. Bxd5 cxd5 37. Rxf6 1-0

[Event "Chigorin Memorial"]
[Site "St Petersburg"]
[Date "2016.10.22"]
[Round "8.54"]
[White "Kuzmin, Egor"]
[Black "Gajewski, Grzegorz"]
[Result "0-1"]
[WhiteElo "2259"]
[BlackElo "2621"]
[PlyCount "68"]
[EventDate "2016.10.15"]
[EventType "swiss"]
[EventRounds "9"]
[EventCountry "RUS"]

1. Nf3 c5 2. c4 Nc6 3. Nc3 g6 4. g3 Bg7 5. Bg2 d6 6. O-O e6 7. d3 Nge7 8. Bd2
O-O 9. a3 Rb8 10. Rb1 b6 11. b4 h6 12. h3 Bb7 13. Kh2 g5 14. Qa4 f5 15. Ne1 g4
16. b5 Ne5 17. f4 gxf3 18. exf3 f4 19. Bxf4 Rxf4 20. gxf4 N5g6 21. Ne2 Nxf4 22.
Nxf4 Be5 23. Nc2 Bxf4+ 24. Kg1 Nf5 25. Rbe1 e5 26. Qxa7 Qc7 27. Qa4 Kh7 28. Qb3
Rg8 29. Re2 Qg7 30. Rff2 Qg3 31. d4 Qh2+ 32. Kf1 Ng3+ 33. Ke1 Nxe2 34. Qd3+ e4
0-1

[Event "Chigorin Memorial"]
[Site "St Petersburg"]
[Date "2016.10.22"]
[Round "8.55"]
[White "Esipenko, Andrey"]
[Black "Polyaninov, Aleksey"]
[Result "1-0"]
[WhiteElo "2490"]
[BlackElo "2256"]
[PlyCount "81"]
[EventDate "2016.10.15"]
[EventType "swiss"]
[EventRounds "9"]
[EventCountry "RUS"]

1. d4 Nf6 2. c4 e6 3. Nf3 Bb4+ 4. Nbd2 O-O 5. a3 Bxd2+ 6. Qxd2 d6 7. e3 Qe7 8.
Be2 e5 9. Qc2 Bg4 10. h3 Bh5 11. O-O e4 12. Nh2 Bxe2 13. Qxe2 c6 14. b3 Nbd7
15. a4 Rfe8 16. Ba3 Qe6 17. Rfc1 Nf8 18. Nf1 Rad8 19. Rab1 Qf5 20. b4 Ng6 21.
c5 d5 22. b5 Nh4 23. Ng3 Qg5 24. Kh1 h5 25. Qf1 Re6 26. Ne2 Ng4 27. Nf4 Rh6 28.
Rc3 Re8 29. a5 a6 30. bxc6 bxc6 31. Rb6 Qf5 32. Kg1 Ree6 33. Qxa6 Nxg2 34. Kxg2
Qg5 35. Kf1 Nh2+ 36. Ke2 Ref6 37. Rb8+ Kh7 38. Qa8 Rxf4 39. exf4 Qf6 40. Rh8+
Kg6 41. Rg3+ 1-0

[Event "Chigorin Memorial"]
[Site "St Petersburg"]
[Date "2016.10.22"]
[Round "8.56"]
[White "Venkatesh, M.R."]
[Black "Mamyrbay, Assad"]
[Result "1-0"]
[WhiteElo "2444"]
[BlackElo "2246"]
[PlyCount "79"]
[EventDate "2016.10.15"]
[EventType "swiss"]
[EventRounds "9"]
[EventCountry "RUS"]

1. e4 e6 2. d4 d5 3. Nd2 c5 4. c3 Nc6 5. Ngf3 cxd4 6. cxd4 dxe4 7. Nxe4 Bb4+ 8.
Nc3 Nf6 9. Bd3 O-O 10. O-O Be7 11. Be3 b6 12. Rc1 Bb7 13. a3 Rc8 14. Qe2 Nd5
15. Ne4 Nxe3 16. fxe3 Qd5 17. Nc3 Qd6 18. Nd2 g6 19. Be4 f5 20. Bf3 Bf6 21. Nc4
Qe7 22. b4 Rfd8 23. Qa2 Qd7 24. d5 Ne7 25. dxe6 Qc7 26. Nb5 Qb8 27. Bxb7 Qxb7
28. Ncd6 Qa6 29. Nxc8 Qxb5 30. Nxe7+ Bxe7 31. Rc7 Re8 32. Rd7 Qe5 33. Qb3 Bd6
34. g3 Be7 35. Rfd1 Bg5 36. R1d3 Qa1+ 37. Kg2 Qe5 38. Qc3 Qe4+ 39. Kf2 Bh6 40.
Qf6 1-0

[Event "Chigorin Memorial"]
[Site "St Petersburg"]
[Date "2016.10.22"]
[Round "8.57"]
[White "Grinblat, Artemiy"]
[Black "Kozionov, Kirill"]
[Result "0-1"]
[WhiteElo "2241"]
[BlackElo "2439"]
[PlyCount "60"]
[EventDate "2016.10.15"]
[EventType "swiss"]
[EventRounds "9"]
[EventCountry "RUS"]

1. e4 d6 2. d4 g6 3. Nc3 Bg7 4. f4 a6 5. a4 Nc6 6. Be3 Nf6 7. Be2 O-O 8. e5
dxe5 9. fxe5 Nd7 10. Nf3 a5 11. O-O Nb6 12. Qd2 Nb4 13. Bh6 Bf5 14. Bxg7 Kxg7
15. Rac1 Qd7 16. b3 Rad8 17. Nd1 c5 18. c3 Nc6 19. Ne3 Be6 20. Bb5 Qc7 21. Qb2
Nd5 22. Nc4 cxd4 23. cxd4 Ndb4 24. Rfe1 Bd5 25. Ne3 Bxf3 26. gxf3 Qb6 27. Nc4
Qa7 28. Bxc6 Nxc6 29. Qf2 Rd5 30. Ne3 Rxd4 0-1

[Event "Chigorin Memorial"]
[Site "St Petersburg"]
[Date "2016.10.22"]
[Round "8.58"]
[White "Nebolsina, Vera"]
[Black "Korchmar, Vasiliy"]
[Result "0-1"]
[WhiteElo "2219"]
[BlackElo "2412"]
[PlyCount "80"]
[EventDate "2016.10.15"]
[EventType "swiss"]
[EventRounds "9"]
[EventCountry "RUS"]

1. d4 d5 2. Nf3 Nf6 3. g3 g6 4. Bg2 Bg7 5. O-O c6 6. b3 O-O 7. Bb2 Bf5 8. c4
Ne4 9. e3 Nd7 10. Nfd2 Ndc5 11. f3 Nd6 12. Bc3 Nd7 13. e4 Be6 14. f4 dxe4 15.
Nxe4 Nxe4 16. Bxe4 Bh3 17. Bg2 Bxg2 18. Kxg2 Qb6 19. Re1 Rfe8 20. Qd2 Rad8 21.
Qb2 Nf8 22. d5 e5 23. d6 Rxd6 24. fxe5 Rd3 25. Nd2 Red8 26. Ne4 Ne6 27. Rf1 h5
28. Rae1 R8d7 29. Qc2 Qd8 30. Qc1 h4 31. Rf6 Rd1 32. Rxd1 Rxd1 33. Qe3 Bxf6 34.
exf6 Qd3 35. Qxd3 Rxd3 36. Kf2 hxg3+ 37. hxg3 Nd4 38. Bb4 Rf3+ 39. Kg2 Re3 40.
Nd6 b6 0-1

[Event "Chigorin Memorial"]
[Site "St Petersburg"]
[Date "2016.10.22"]
[Round "8.59"]
[White "Badelka, Olga"]
[Black "Shuvalova, Polina"]
[Result "1/2-1/2"]
[WhiteElo "2209"]
[BlackElo "2393"]
[PlyCount "126"]
[EventDate "2016.10.15"]
[EventType "swiss"]
[EventRounds "9"]
[EventCountry "RUS"]

1. d4 Nf6 2. c4 g6 3. f3 d5 4. cxd5 Nxd5 5. e4 Nb6 6. Nc3 Bg7 7. Be3 O-O 8. Qd2
Nc6 9. O-O-O e5 10. d5 Nd4 11. f4 c5 12. fxe5 Bg4 13. Re1 Bxe5 14. h3 Bd7 15.
Nf3 Nxf3 16. gxf3 Qe7 17. Bd3 Rac8 18. Kb1 Na4 19. Nxa4 Bxa4 20. Bc2 Bxc2+ 21.
Qxc2 Qd6 22. Qd2 f5 23. f4 Bd4 24. Bxd4 cxd4 25. Qxd4 fxe4 26. Rxe4 Rf5 27. Rd1
a6 28. a3 Rcf8 29. Qb4 Qxb4 30. Rxb4 R8f7 31. d6 Rd7 32. Rbd4 Kf7 33. Kc2 Ke8
34. Kd3 Kd8 35. Ke3 Rh5 36. Rh1 Rf7 37. Rc4 Rd7 38. Rd1 Rxh3+ 39. Ke4 Rh2 40.
b4 Re2+ 41. Kd5 Rf7 42. Kc5 b5 43. Rcd4 Re3 44. Ra1 Rf3 45. Kb6 R3xf4 46. Rxf4
Rxf4 47. Kxa6 Rf5 48. a4 bxa4 49. b5 Kd7 50. b6 Kxd6 51. b7 Rf8 52. Rxa4 Ke5
53. Rc4 Rb8 54. Rc8 Rxb7 55. Kxb7 h5 56. Rg8 Kf5 57. Kc6 g5 58. Kd5 Kf4 59.
Rf8+ Kg3 60. Ke4 h4 61. Rg8 g4 62. Kf5 h3 63. Rxg4+ Kf3 1/2-1/2

[Event "Chigorin Memorial"]
[Site "St Petersburg"]
[Date "2016.10.22"]
[Round "8.61"]
[White "Nesterov, Arseniy"]
[Black "Aguera Naredo, Javier"]
[Result "1-0"]
[WhiteElo "2214"]
[BlackElo "2367"]
[PlyCount "61"]
[EventDate "2016.10.15"]
[EventType "swiss"]
[EventRounds "9"]
[EventCountry "RUS"]

1. e4 c5 2. Nf3 Nc6 3. Bb5 g6 4. O-O Bg7 5. c3 Nf6 6. Re1 O-O 7. d4 d5 8. exd5
Qxd5 9. dxc5 Qxc5 10. Qe2 Bg4 11. Be3 Qh5 12. Nbd2 Ne5 13. Ba4 Ne4 14. h3 Nxd2
15. hxg4 Ndxf3+ 16. gxf3 Qh3 17. Bd1 f5 18. Bd4 fxg4 19. Bxe5 gxf3 20. Qf1 Qg4+
21. Bg3 e5 22. Bb3+ Kh8 23. Bd5 Rad8 24. c4 Rxd5 25. cxd5 e4 26. Rac1 Bd4 27.
Kh1 Rf5 28. Qg1 Rh5+ 29. Bh2 Qf5 30. d6 Be5 31. Rc5 1-0

[Event "Chigorin Memorial"]
[Site "St Petersburg"]
[Date "2016.10.22"]
[Round "8.63"]
[White "Vokhidov, Shamsiddin"]
[Black "Shpartko, Grigory"]
[Result "0-1"]
[WhiteElo "2366"]
[BlackElo "2201"]
[PlyCount "94"]
[EventDate "2016.10.15"]
[EventType "swiss"]
[EventRounds "9"]
[EventCountry "RUS"]

1. e4 c5 2. Nf3 e6 3. d4 d5 4. exd5 exd5 5. Nc3 Nf6 6. Bg5 c4 7. Bxf6 gxf6 8.
Nh4 Be6 9. g3 Qb6 10. Bg2 Nc6 11. Bxd5 Qxb2 12. Na4 Qb5 13. Bxe6 fxe6 14. c3
O-O-O 15. Rb1 Qa5 16. O-O Bd6 17. Qc2 f5 18. Nb2 Qd5 19. Qe2 b5 20. a4 a6 21.
axb5 axb5 22. Rfe1 Rhe8 23. Ng2 f4 24. Qg4 h5 25. Qh4 Qf5 26. Nxf4 Rg8 27. Ng2
Rg4 28. Qh3 Rdg8 29. Kh1 Qd5 30. Nd1 Bf4 31. Kg1 Qf5 32. Rb2 Rxg3 33. fxg3 Qxh3
34. Nxf4 Qf5 35. Rf2 h4 36. Ne3 Qh7 37. g4 e5 38. dxe5 Nxe5 39. h3 Nd3 40. Nxd3
Qxd3 41. Nf5 Qxc3 42. Rb1 Rd8 43. Rxb5 Qxh3 44. Rc5+ Kb7 45. Rb2+ Ka6 46. Rc6+
Ka7 47. Rc7+ Ka8 0-1

[Event "Chigorin Memorial"]
[Site "St Petersburg"]
[Date "2016.10.22"]
[Round "8.64"]
[White "Kuznetsov, Felix"]
[Black "Yashmetov, Mikhail"]
[Result "1/2-1/2"]
[WhiteElo "2200"]
[BlackElo "2359"]
[PlyCount "83"]
[EventDate "2016.10.15"]
[EventType "swiss"]
[EventRounds "9"]
[EventCountry "RUS"]

1. f4 d5 2. Nf3 Bg4 3. e3 Nd7 4. Be2 Ngf6 5. b3 Bxf3 6. Bxf3 e5 7. fxe5 Nxe5 8.
Bb2 Bd6 9. Qe2 Qd7 10. Nc3 Nxf3+ 11. Qxf3 O-O-O 12. O-O-O c6 13. Ne2 Ne8 14.
Ng3 f6 15. h4 Be5 16. h5 Bxg3 17. Qxg3 h6 18. Rh4 Nd6 19. Qg6 Rhg8 20. Rf1 Ne4
21. Qf5 Qxf5 22. Rxf5 Kd7 23. d3 Nd6 24. Rf3 Nf7 25. Rg4 Ng5 26. Rf1 Rge8 27.
Kd2 Ke6 28. Rgf4 Kd7 29. a4 c5 30. Rf5 Kc6 31. Ba3 b6 32. Bb2 Re6 33. Bc1 Rde8
34. Kc3 Nf7 35. R1f3 Nd6 36. R5f4 Re5 37. g4 a5 38. Kd2 R5e6 39. Bb2 Nf7 40.
Ba1 Ng5 41. Rg3 R6e7 42. Bb2 1/2-1/2

[Event "Chigorin Memorial"]
[Site "St Petersburg"]
[Date "2016.10.22"]
[Round "8.65"]
[White "Dilmukhametov, Artur"]
[Black "Yeritsyan, Hayk"]
[Result "1-0"]
[WhiteElo "2347"]
[BlackElo "2191"]
[PlyCount "59"]
[EventDate "2016.10.15"]
[EventType "swiss"]
[EventRounds "9"]
[EventCountry "RUS"]

1. e4 c5 2. Nf3 Nc6 3. Bb5 g6 4. O-O Bg7 5. c3 Nf6 6. e5 Nd5 7. d4 cxd4 8. cxd4
O-O 9. Nc3 Nc7 10. Re1 Nxb5 11. Nxb5 a6 12. Nc3 d6 13. exd6 exd6 14. Bg5 Qa5
15. d5 Ne5 16. Be7 Re8 17. Bxd6 Bg4 18. Bxe5 Bxe5 19. h3 Bxc3 20. Rxe8+ Rxe8
21. bxc3 Bxf3 22. Qxf3 Rc8 23. Rc1 Qxa2 24. d6 Rd8 25. Qf6 Rf8 26. Re1 Qd5 27.
Re7 a5 28. d7 a4 29. Qd4 Qa5 30. Re8 1-0

[Event "Chigorin Memorial"]
[Site "St Petersburg"]
[Date "2016.10.22"]
[Round "8.66"]
[White "Khadzhiev, Valery"]
[Black "Pershin, Denis"]
[Result "1-0"]
[WhiteElo "2170"]
[BlackElo "2345"]
[PlyCount "73"]
[EventDate "2016.10.15"]
[EventType "swiss"]
[EventRounds "9"]
[EventCountry "RUS"]

1. d4 Nf6 2. Nf3 e6 3. e3 b6 4. Bd3 Bb7 5. Nbd2 d5 6. O-O Nbd7 7. Qe2 Ne4 8.
Ba6 Bxa6 9. Qxa6 Nxd2 10. Bxd2 Bd6 11. c4 O-O 12. cxd5 exd5 13. Qb5 c5 14. dxc5
bxc5 15. Bc3 Qc7 16. Qd3 Nb6 17. Rfd1 Rfd8 18. Qf5 h6 19. Qg4 Bf8 20. Rac1 Qc8
21. Qg3 Qa6 22. Ne5 Qxa2 23. Qf3 f6 24. Ng4 Rd6 25. Qf5 Nd7 26. Rd2 Qb3 27.
Rcd1 Rd8 28. g3 Nb6 29. Qg6 Nc4 30. Nxh6+ Kh8 31. Nf7+ Kg8 32. Rd3 Qc2 33. Nxd8
Rxd8 34. Qg4 Nxb2 35. Qe6+ Kh8 36. Bxb2 Qxb2 37. Rxd5 1-0

[Event "Chigorin Memorial"]
[Site "St Petersburg"]
[Date "2016.10.22"]
[Round "8.67"]
[White "Gevorgyan, David Sh"]
[Black "Konaplev, Anton"]
[Result "1/2-1/2"]
[WhiteElo "2335"]
[BlackElo "2185"]
[PlyCount "172"]
[EventDate "2016.10.15"]
[EventType "swiss"]
[EventRounds "9"]
[EventCountry "RUS"]

1. d4 Nf6 2. c4 e6 3. Nc3 Bb4 4. e3 O-O 5. Nge2 d5 6. a3 Bd6 7. c5 Be7 8. b4 c6
9. Bb2 Nbd7 10. Ng3 b6 11. Be2 a5 12. O-O Ba6 13. Bxa6 Rxa6 14. Qe2 Ra8 15.
Rfd1 Qc7 16. f3 axb4 17. axb4 bxc5 18. bxc5 g6 19. Rxa8 Rxa8 20. Ra1 Rxa1+ 21.
Bxa1 e5 22. Qa6 exd4 23. exd4 Nf8 24. Nge2 Ne6 25. Bb2 Nd7 26. Bc1 Kg7 27. Be3
Nd8 28. Bf4 Qb7 29. Qxb7 Nxb7 30. Bc7 Nf8 31. Kf2 Ne6 32. Bb6 Bf6 33. Ke3 Kf8
34. Na2 Ke7 35. Nb4 Kd7 36. g4 Bg7 37. f4 Bf6 38. Nd3 Nbd8 39. g5 Bh8 40. h4 f6
41. Bxd8 Kxd8 42. Nf2 f5 43. Nh1 Ng7 44. Nhg3 Kc7 45. Ng1 Kc8 46. Nf3 Kc7 47.
h5 Ne6 48. h6 Kd7 49. Ne2 Ke7 50. Nc1 Nd8 51. Kd3 Nf7 52. Kd2 Kd7 53. Kc3 Kc7
54. Kb4 Kc8 55. Ka4 Kc7 56. Kb4 Kc8 57. Kb3 Kc7 58. Kc2 Kc8 59. Kd1 Kc7 60. Ke2
Kc8 61. Ke3 Kc7 62. Ne1 Nd8 63. Ng2 Kd7 64. Nh4 Ke7 65. Nd3 Kf7 66. Nf3 Ke7 67.
Nh4 Kf7 68. Kd2 Kf8 69. Ke3 Kf7 70. Ne1 Ke7 71. Nc2 Kd7 72. Nb4 Kc8 73. Nd3 Kc7
74. Ne5 Bxe5 75. fxe5 Kd7 76. Kd3 Nf7 77. Nf3 Nd8 78. Nh4 Nf7 79. Nf3 Nd8 80.
Kc3 Ne6 81. Kb4 Kc7 82. Ka4 Kc8 83. Kb4 Kc7 84. Ka5 Kb7 85. Kb4 Kc7 86. Ka4 Kc8
1/2-1/2

[Event "Chigorin Memorial"]
[Site "St Petersburg"]
[Date "2016.10.22"]
[Round "8.68"]
[White "Fomin, Andrey"]
[Black "Borisovsky, Dmitry"]
[Result "0-1"]
[WhiteElo "2150"]
[BlackElo "2335"]
[PlyCount "96"]
[EventDate "2016.10.15"]
[EventType "swiss"]
[EventRounds "9"]
[EventCountry "RUS"]

1. e4 c5 2. Nc3 Nc6 3. Bb5 Nd4 4. Bc4 e6 5. Nf3 Qc7 6. d3 Nxf3+ 7. Qxf3 a6 8.
a4 Nf6 9. Qe2 Bd6 10. g3 Be5 11. Nd1 d5 12. exd5 exd5 13. Bf4 dxc4 14. Bxe5
cxd3 15. Bxc7+ dxe2 16. Ne3 O-O 17. Bd6 Re8 18. Bxc5 Bg4 19. Nxg4 Nxg4 20. Bd4
Rad8 21. c3 Rd7 22. b3 Nh6 23. Ra2 Nf5 24. Rxe2 Red8 25. O-O Nxd4 26. cxd4 Rxd4
27. Re3 g6 28. Rc1 Rd1+ 29. Rxd1 Rxd1+ 30. Kg2 Rb1 31. Kf3 Rb2 32. h4 Kg7 33.
Rc3 Kf6 34. Ke3 Ke5 35. Rd3 h5 36. f4+ Kf5 37. Kf3 Rc2 38. Re3 f6 39. Rd3 Rc5
40. Ke3 Kg4 41. Kd2 Rc6 42. a5 Rc5 43. Rd6 Rf5 44. Rd7 Kxg3 45. Rg7 Kxh4 46.
Rxg6 Rxf4 47. Rg7 Rb4 48. Kc3 Rb5 0-1

[Event "Chigorin Memorial"]
[Site "St Petersburg"]
[Date "2016.10.22"]
[Round "8.69"]
[White "Belous, Mikhail"]
[Black "Scott, Gordon W"]
[Result "1-0"]
[WhiteElo "2314"]
[BlackElo "2168"]
[PlyCount "91"]
[EventDate "2016.10.15"]
[EventType "swiss"]
[EventRounds "9"]
[EventCountry "RUS"]

1. d4 Nf6 2. c4 g6 3. Nc3 Bg7 4. e4 d6 5. f3 O-O 6. Be3 a6 7. Qd2 Nc6 8. Nge2
Rb8 9. h4 h5 10. O-O-O b5 11. Bh6 e5 12. Bxg7 Kxg7 13. dxe5 Nxe5 14. Nf4 bxc4
15. Be2 Rh8 16. Qd4 Rb4 17. Ncd5 Rb5 18. Nxf6 Qxf6 19. Nd5 Rxd5 20. Qxd5 c3 21.
b3 Be6 22. Qd4 c5 23. Qxd6 a5 24. Bc4 Nxc4 25. bxc4 a4 26. Kc2 a3 27. f4 Re8
28. g3 Bxc4 29. Qxf6+ Kxf6 30. Rhe1 Rb8 31. Rb1 Rxb1 32. Rxb1 Bxa2 33. Ra1 Be6
34. Rxa3 Ke7 35. Kxc3 Kd6 36. Ra1 Bg4 37. Ra6+ Ke7 38. Rc6 Bf3 39. Rxc5 Kd6 40.
Rd5+ Kc6 41. Kd4 Bg4 42. Ke5 Kc7 43. Kf6 Be6 44. Rd4 Kc6 45. Rd8 Kc7 46. Rf8
1-0

[Event "Chigorin Memorial"]
[Site "St Petersburg"]
[Date "2016.10.22"]
[Round "8.70"]
[White "Vunder, Andrey"]
[Black "Musaev, Rasul"]
[Result "1-0"]
[WhiteElo "2147"]
[BlackElo "2312"]
[PlyCount "49"]
[EventDate "2016.10.15"]
[EventType "swiss"]
[EventRounds "9"]
[EventCountry "RUS"]

1. d4 g6 2. e4 Bg7 3. Nf3 d6 4. c3 Nd7 5. Bd3 e5 6. O-O Ne7 7. Re1 O-O 8. Na3
h6 9. Nc4 g5 10. Ne3 Ng6 11. g3 Re8 12. Nf5 g4 13. Bxh6 Bxh6 14. Nxh6+ Kg7 15.
Nxg4 Rh8 16. Ne3 Nf6 17. Nf5+ Kf8 18. dxe5 dxe5 19. Bc4 Qe8 20. Ng5 Be6 21. Qb3
Nxe4 22. Rxe4 Bxf5 23. Bxf7 Qe7 24. Bxg6 Qxg5 25. Qf7# 1-0

[Event "Chigorin Memorial"]
[Site "St Petersburg"]
[Date "2016.10.22"]
[Round "8.71"]
[White "Zherebtsova, Alexandra"]
[Black "Martynov, Roman"]
[Result "0-1"]
[WhiteElo "2139"]
[BlackElo "2307"]
[PlyCount "162"]
[EventDate "2016.10.15"]
[EventType "swiss"]
[EventRounds "9"]
[EventCountry "RUS"]

1. d4 g6 2. e4 Bg7 3. h4 h5 4. Nh3 c5 5. dxc5 Qa5+ 6. c3 Qxc5 7. Be3 Qc7 8. Ng5
Nf6 9. Na3 Nc6 10. Nb5 Qb8 11. Qb3 O-O 12. Be2 d6 13. f3 Bd7 14. O-O-O a6 15.
Nd4 Na5 16. Qb6 Qd8 17. Nc2 Qxb6 18. Bxb6 Nc6 19. Na3 Rac8 20. Nc4 Be8 21. Kb1
Nd7 22. Bf2 b5 23. Ne3 Rb8 24. Nd5 Nc5 25. Nc7 Rb7 26. Nxe8 Rxe8 27. Rd5 Na4
28. Rd2 Reb8 29. Bd1 a5 30. Bb3 Rf8 31. Bd5 Rc7 32. f4 b4 33. cxb4 Nxb4 34. Bb3
Nc5 35. Bxc5 Rxc5 36. Rc1 Rxc1+ 37. Kxc1 Bf6 38. Kd1 Kg7 39. a3 Nc6 40. Bd5 Nd4
41. Bc4 e6 42. b3 Rd8 43. b4 axb4 44. axb4 Rc8 45. Ba6 Rc6 46. b5 Rc3 47. Ke1
Rb3 48. Kf2 Bd8 49. g3 Ba5 50. Rd1 Bb6 51. Kg2 Rb2+ 52. Kf1 Bc5 53. Rd3 Rb1+
54. Kg2 Rb2+ 55. Kf1 Nxb5 56. Bxb5 Rxb5 57. Rd2 Ba3 58. Ke2 Rb2 59. Rxb2 Bxb2
60. Kd2 Ba3 61. Ke2 Kf6 62. e5+ dxe5 63. fxe5+ Kxe5 64. Nxf7+ Kf5 65. Kf3 Be7
66. Nh6+ Kf6 67. g4 Kg7 68. g5 Bd6 69. Kg2 Bb4 70. Kf1 Bc3 71. Ke2 Be5 72. Kf3
Bc3 73. Ke2 Kf8 74. Kf2 Bg7 75. Kf3 Bxh6 76. gxh6 Kg8 77. Kf4 Kh7 78. Ke5 Kxh6
79. Kf6 e5 80. Kxe5 g5 81. Kf5 g4 0-1